30 Busiest Airports in the United States - Statistics

General Stats
  • This quiz has been taken 303 times
  • The average score is 28 of 30
Answer Stats
Rank State Answer % Correct
3 IL Chicago (O'Hare)
99%
2 CA Los Angeles
99%
14 FL Miami
99%
1 GA Atlanta (Hartsfield-Jackson)
98%
27 IL Chicago (Midway)
98%
4 TX Dallas/Fort Worth
98%
6 NY New York (JFK)
98%
5 CO Denver
97%
21 NY New York (Laguardia)
97%
12 FL Orlando
97%
7 CA San Francisco
97%
9 WA Seattle-Tacoma
97%
15 TX Houston (George Bush)
96%
8 NV Las Vegas (McCarran)
95%
20 PA Philadelphia
95%
13 AZ Phoenix (Sky Harbor)
95%
16 MA Boston (Logan)
93%
29 HI Honolulu (Daniel K. Inouye)
93%
23 UT Salt Lake City
92%
26 CA San Diego
91%
18 MI Detroit
90%
17 MN Minneapolis-Saint Paul
90%
28 FL Tampa
90%
10 NC Charlotte
89%
30 OR Portland
89%
11 NJ Newark (Liberty)
86%
25 VA Washington (Dulles)
84%
22 MD Baltimore
82%
24 VA Washington (National)
79%
19 FL Fort Lauderdale
71%
No matching quizzes found
Score Distribution
Percent of People with Each Score
Percentile by Number Answered
Your Score History
You have not taken this quiz